000 00377pam a2200157a 44500
008 230515b2014 xxu||||| |||| 00| 0 eng d
020 _aNULL
041 _aENGLISH
082 _aIPP
100 _aIPPEN A. T.
245 _aJOURNAL OF THE HYDROLICS DIVISION
250 _aNULL
260 _aPUNE
_bAMERICAN SOCIETY FOR MICROBIOLOGY
_c2014
300 _a27
650 _aNULL
999 _c661947
_d661947